000 00297nam a2200121Ia 4500
005 20251222143239.0
008 251222s9999||||xx |||||||||||||| ||spa||
082 _a332.153.8/R14
100 _aRadovic, Vladimir
245 0 _aInter-American Development Bank in Peru
264 _bIDB
942 _cLIB
999 _c14510
_d14510